Quizzes
Events
Quiz Creation
Community
Videos
Private Events
Remove Ads
Sign In
Join for FREE
Feedback
Dark Mode
Quiz Categories
Sports
Geography
Music
Movies
Television
Just For Fun
Miscellaneous
History
Literature
Language
Science
Gaming
Entertainment
Religion
Holiday
For Kids
Quiz Lab
Recent
Popular Today
Quiz Kudos Today
Editor Picks
Curator Picks
Quizzes by...
Day
Popularity
Type
Ratings
Length
Year
Community
Subscriptions
Recent Discussions
Orange Saloon
Badges
Playlists
Quests
Create
Leaderboards
Showdown
Live 5
Trivia Bingo
Activity
Puzzle Library
Sporcle Events
Private Events
Virtual Trivia
Globe League
Become a Host
Pub Owners
SporcleCon
Opinionation
Our Games
Videos
Blog
Mobile Apps
Partnerships
Remove Ads and Go Orange
Feedback
Sports
Athletes
MLB
NBA
NHL
NFL
Soccer
Sports Teams
WWE
NCAA
Football
Premier League
Basketball
Baseball
Hockey
Golf
Tennis
Cricket
Rugby
Auto Racing
Olympics
World Cup
Sports
Athletes
MLB
NBA
NHL
NFL
Soccer
Sports Teams
WWE
NCAA
Football
Premier League
Basketball
Baseball
Hockey
Golf
Tennis
Cricket
Rugby
Auto Racing
Olympics
World Cup
Random Quiz
Search Sporcle
×
Retired
Retired
Sports
Sports Teams
Type in answers that appear in a list
Type in answers that appear in a list
Classic
Best Score? Go Orange.
Big 4 Sports Teams (Alphabetically) Stats
Can you name the big 4 sports teams alphabetically by name?
By
tk925
17m
124 Questions
13.9K Plays
13,914 Plays
13,914 Plays
Comments
Comments
Give Quiz Kudos
Give Quiz Kudos
-
- Ratings
hide this ad
More Info
Forced Order
Answers have to be entered in order
Answers have to be entered in order
Replay
Link that replays current quiz
Next Quiz
Link to next quiz in quiz playlist
You Got
0%
They Got
Avg Score
59%
Avg Friend Score
Upgrade to see
Score Distribution
Jump to the score distribution portion of the page
Score
0/124
Timer
17:00
4
Plays Today
Opening Letter
Team
% Correct
#-
B
San Francisco 49ers
95.1%
#-
B
Philadelphia 76ers
92%
#-
B
Los Angeles Angels of Anaheim
85.7%
#-
B
Oakland Athletics
83.8%
#-
B
Houston Astros
82.8%
#-
B
Chicago Bears
79.7%
#-
B
Cincinnati Bengals
78%
#-
B
Buffalo Bills
76.5%
#-
B
Cleveland Browns
75%
#-
B
Colorado Avalanche
74.6%
#-
B
Toronto Blue Jays
73.3%
#-
B
Denver Broncos
72.4%
#-
B
Boston Bruins
72%
C-
E
St. Louis Cardinals
71.8%
#-
B
Atlanta Braves
71.8%
C-
E
Arizona Cardinals
71.7%
#-
B
Chicago Bulls
70.8%
#-
B
Tampa Bay Buccaneers
70.6%
C-
E
Philadelphia Eagles
69.8%
F-
K
Atlanta Falcons
69%
#-
B
St. Louis Blues
68.6%
C-
E
Montreal Canadiens
68.6%
#-
B
Milwaukee Brewers
68.5%
#-
B
Columbus Blue Jackets
68.4%
F-
K
New York Giants
67.7%
C-
E
Vancouver Canucks
67.6%
#-
B
Chicago Blackhawks
67.6%
#-
B
Milwaukee Bucks
67.5%
C-
E
Boston Celtics
67.5%
C-
E
Los Angeles Chargers
67.4%
C-
E
Dallas Cowboys
67.2%
C-
E
Indianapolis Colts
66.9%
C-
E
Cleveland Cavaliers
66.8%
F-
K
San Francisco Giants
66.5%
C-
E
Kansas City Chiefs
66.5%
L-
Q
Los Angeles Lakers
66.5%
F-
K
Jacksonville Jaguars
64.7%
F-
K
Sacramento Kings
64.5%
F-
K
New York Jets
64.2%
C-
E
Miami Dolphins
63.8%
C-
E
Los Angeles Dodgers
63.4%
T-
Z
New York Yankees
63.3%
Opening Letter
Team
% Correct
C-
E
Chicago Cubs
62.5%
R-
S
Las Vegas Raiders
62.4%
L-
Q
Detroit Lions
62.3%
R-
S
Cincinnati Reds
62.3%
C-
E
Los Angeles Clippers
62.2%
F-
K
Los Angeles Kings
62.2%
C-
E
Arizona Diamondbacks
62.1%
C-
E
Washington Capitals
61.9%
F-
K
New York Knicks
61.7%
F-
K
Miami Heat
61.6%
R-
S
Boston Red Sox
61.3%
R-
S
Texas Rangers
60.8%
F-
K
Philadelphia Flyers
60.2%
F-
K
Calgary Flames
60.1%
F-
K
Utah Jazz
59.4%
R-
S
New York Rangers
58.9%
R-
S
St. Louis Rams
58.8%
T-
Z
Tennessee Titans
58.8%
T-
Z
Chicago White Sox
57.7%
R-
S
Baltimore Ravens
57.7%
C-
E
Washington Commanders
57.6%
F-
K
Cleveland Guardians
57.5%
F-
K
New York Islanders
57.4%
R-
S
Detroit Red Wings
57.3%
C-
E
Anaheim Ducks
57.2%
L-
Q
Green Bay Packers
57.1%
L-
Q
Pittsburgh Pirates
57%
T-
Z
Houston Texans
56.7%
L-
Q
New England Patriots
56.5%
L-
Q
Carolina Panthers
56.4%
F-
K
Las Vegas Golden Knights
56.1%
L-
Q
New York Mets
55.8%
T-
Z
Washington Wizards
55.7%
L-
Q
Philadelphia Phillies
55.7%
L-
Q
Seattle Mariners
55.5%
T-
Z
Minnesota Vikings
55.2%
R-
S
Tampa Bay Rays
55.1%
F-
K
Memphis Grizzlies
54.8%
F-
K
Atlanta Hawks
54.8%
C-
E
Phoenix Coyotes
54.7%
L-
Q
Miami Marlins
54.7%
L-
Q
Baltimore Orioles
54.6%
Opening Letter
Team
% Correct
F-
K
Seattle Kraken
54.5%
F-
K
Charlotte Hornets
54.5%
L-
Q
New Orleans Pelicans
54.3%
R-
S
New Orleans Saints
54%
T-
Z
Detroit Tigers
53.1%
R-
S
Pittsburgh Steelers
53%
C-
E
New Jersey Devils
52.9%
L-
Q
Washington Nationals
52.7%
L-
Q
San Diego Padres
52.6%
T-
Z
Minnesota Twins
52.5%
T-
Z
Oklahoma City Thunder
52.4%
L-
Q
Tampa Bay Lightning
52.4%
R-
S
Seattle Seahawks
52.2%
L-
Q
New Jersey Nets
52.1%
L-
Q
Dallas Mavericks
52.1%
L-
Q
Pittsburgh Penguins
52%
L-
Q
Orlando Magic
51.3%
L-
Q
Florida Panthers
51%
T-
Z
Golden State Warriors
50.7%
L-
Q
Indiana Pacers
50.4%
T-
Z
Minnesota Wild
50.3%
R-
S
Colorado Rockies
50.3%
R-
S
Toronto Raptors
50.2%
R-
S
Kansas City Royals
50.2%
T-
Z
Minnesota Timberwolves
49.9%
F-
K
Winnipeg Jets
49.7%
F-
K
Carolina Hurricanes
49.3%
L-
Q
Edmonton Oilers
48.9%
R-
S
San Antonio Spurs
48.8%
R-
S
Phoenix Suns
48.6%
L-
Q
Detroit Pistons
48.4%
R-
S
Houston Rockets
48.1%
L-
Q
Toronto Maple Leafs
47.6%
L-
Q
Denver Nuggets
45.9%
T-
Z
Portland Trail Blazers
45.8%
R-
S
Dallas Stars
45.2%
R-
S
Ottawa Senators
44.2%
L-
Q
Nashville Predators
44%
R-
S
San Jose Sharks
43.5%
R-
S
Buffalo Sabres
42.7%
Quiz Playlist
Details
Report
Send in Message
Add To Playlist
More Info:
NOTE: Alphabetically by team name (not city).
Classic:
Type in answers that appear in a list
Forced Order:
Answers have to be entered in order
Last Updated: May 15, 2017
Featured
Editor Pick in
Sports
Curator Pick in
Alphabet
Quiz Scoreboard
CHALLENGE
Sign Up to Join the Scoreboard
Show All
Scores
Hide
Comments
May contain spoilers
Recently Published
College Basketball Coaching Resumes
by pancakes188
Sports
9m
Billboard Blitz: Fleetwood Mac
by CooCooCachoo
Music
15s
Presidents Visiting Landmarks
by Hejman
History
7m
More to Explore
Quiz From the Vault
Featured Blog Post
Where Did the Easter Bunny Come From?
hide this ad
You Might Also Like...
Tags
Alphabet Quiz
Letter Quiz
Sports Teams Quiz
Alphabetical
Big 4
League
team
Today's Top Quizzes in Sports
Browse Sports
hide this ad
Today's Top Quizzes in Sports Teams
Browse Sports Teams
Top Contributed Quizzes in Sports
1
2022 World Cup Stars
2
Les meilleurs buteurs des matchs entre le PSG et l’OM
3
FIFA Club World Cup Champions
4
Les entraîneurs de l'OM et du PSG au 21e siècle
5
Criteria MLB: Left Handed Sluggers
6
AFC Teams Reveal (Wrong Answers Minefield)
7
5-to-1: UK Sports Teams
8
5-to-1: FBS Animal Nicknames
9
2023 MLB Unique Player Accomplishments
10
Name the Premier League winners with different clubs
Explore More
Trending Topics
Anime
NBA
Crossword
Disney
Harry Potter
Kpop
Marvel
NFL
Country
WWE
Soccer
Song
Puzzle
The Office
Pokémon
hide this ad
More By:
tk925
Quiz
Plays
Rating
Category
Featured
Created
Opening Day Lineups: Phillies
130,560
4.45
Sports
Sep 28, 2009
Opening Day Lineups: Blue Jays
94,404
4.47
Sports
Mar 25, 2010
Opening Day Lineups: Reds
87,150
4.35
Sports
Sep 28, 2009
'This' and 'That'
82,943
4.05
Entertainment
Jan 30, 2010
MLB Most HR by Position '90s-'10s
72,019
4.68
Sports
Sep 15, 2011
Go to Creator's Profile
Score Distribution
Quiz Creator Spotlight
tk925
Follow
Send a Message
Quizzes Created
-
Created Quiz Play Count
-
More By This Creator
Popular Quizzes Today
1
Find the US States - No Outlines Minefield
2
Find the Countries of Europe - No Outlines Minefield
3
The Countries of the World
4
Find the US States
5
Risky Map Clicking: Biggest States A-Z
6
US States
7
Popular People in 1961
8
Movies - When Are They Set?
More Sports Quizzes
Euro 2012 English Squad
Published
Trending Quizzes
Risky Map Clicking: Least Populous States A-Z
1-10 Letter G Words
1-10 Letter F Words
Risky Map Clicking: Next State Alphabetically
Risky Map Clicking: Biggest States A-Z
Recently Updated
Leaping Animals
pecheneg
Reality TV Shows (A-Z)
bhenderson79
Rickey Henderson's Hall of Fame Teammates
pecheneg
Champions League XIs: Arsenal
pecheneg
Quick Pick: Celebrities in WWE's Hall of Fame
aduchscher
A-Z Keypad Blitz II
pecheneg
Multiple Oscar Actors
pecheneg
Mystery Phrase Blitz: Oscar 'Best Actors'
pecheneg
F. Scott Fitzgerald Novels
LTH
Pick 3 Villains
ddd62291
Trending Topics
Kpop
NBA
Marvel
Crossword
Harry Potter
Disney
Anime
WWE
The Office
Pokémon
Song
Country
Soccer
NFL
Puzzle
Your Account Isn't Verified!
In order to create a playlist on Sporcle, you need to verify the email address you used during registration. Go to your
Sporcle Settings
to finish the process.
Report this User
Report this user for behavior that violates our
Community Guidelines
.
Details:
Send Report
Go to the Sporcle.com Mobile Site →
Comments